LEADER 02533nam0 2200529 i 450 001 VAN00051450 005 20260317115823.744 010 $a978-35-405-0003-2 100 $a20060907d1988 |0itac50 ba 101 $aeng 102 $aDE 105 $a|||| ||||| 181 $ai$b e 182 $an 183 $anc 200 1 $aMathematical economics$electures given at the 2nd 1986 session of the Centro internazionale matematico estivo (CIME) held at Montecatini Terme, Italy, June 25-July 3, 1986$fA. Ambrosetti, F. Gori, R. Lucchetti (Eds.) 210 $aBerlin$cSpringer$d1988 215 $aVI, 137 p.$d25 cm 410 1$1001VAN00050834$12001 $aLecture notes in mathematics. Fondazione CIME. Firenze$1210 $aBerlin$cSpringer$1300 $aDal 2011: C.I.M.E. Foundation Subseries 461 1$1001VAN00102250$12001 $aLecture notes in mathematics$1210 $aBerlin [etc.]$cSpringer$v1330 500 1$3VAN00303447$aMathematical economics$94553472 606 $a00Bxx$xConference proceedings and collections of articles [MSC 2020]$3VANC021742$2MF 606 $a90-XX$xOperations research, mathematical programming [MSC 2020]$3VANC025650$2MF 610 $aEconomics$9KW:K 610 $aEquilibrium$9KW:K 610 $aGame Theory$9KW:K 610 $aGeneral equilibrium$9KW:K 610 $aGeneral equilibrium theory$9KW:K 610 $aMathematical Economics$9KW:K 620 $dBerlin$3VANL000066 702 1$aAmbrosetti$bAntonio$3VANV040423$4340 702 1$aGori$bFranco$3VANV040421$4340 702 1$aLucchetti$bRoberto$3VANV040422$4340 710 02$aCentro internazionale matematico estivo$3VANV021913$0284620 712 $aSpringer $3VANV108073$4650 790 1$aAmbrosetti, A.$zAmbrosetti, Antonio$3VANV259086 790 1$aGori, F.$zGori, Franco$3VANV259087 790 1$aLucchetti, R.$zLucchetti, Roberto$3VANV259088 791 02$aC.I.M.E.$zCentro internazionale matematico estivo$3VANV021914 791 02$aCIME$zCentro internazionale matematico estivo$3VANV021915 801 $aIT$bSOL$c20260320$gRICA 856 4 $u/sebina/repository/catalogazione/documenti/Ambrosetti, Gori, Lucchetti - Mathematical economics.pdf$zContents 899 $aBIBLIOTECA DEL DIPARTIMENTO DI MATEMATICA E FISICA$1IT-CE0120$2VAN08 912 $aVAN00051450 950 $aBIBLIOTECA DEL DIPARTIMENTO DI MATEMATICA E FISICA$d08PREST 90-XX 0116 $e08 2718 I 20060907 996 $aMathematical economics$94553472 997 $aUNICAMPANIA